000 00638nam a2200193 a 4500
001 000045913
005 20201002052523.0
008 150527s1993 xxu 000 0 spa d
040 _aDO-SdBNP
_bspa
_cBNPHU
041 1 7 _aeng
100 1 _aCharmley, John
_973983
245 1 0 _aChurchil: the end of glory :
_ba political biography /
_cJohn Charmley.
260 _aNew York, :
_bHarcourt brace & company,
_c1993.
300 _a742 p. ;
_c25 cm.
590 _aPerteneció a la biblioteca personal de Germán Emilio Ornes.
500 _aIncluye notas p: 650-701
504 _aBibliografía p: 702-720
500 _aIncluye índice p: 721-742
999 _c45402
_d45402